000 00667nam a2200229 a 4500
001 000037615
003 DO-SdBNP
005 20250219074027.0
007 ta
008 121008s 2008 dr 000 0 spa d
020 _a9789945068795
040 _aDO-SdBNP
_bspa
_cBNPHU
082 4 _bH488v
_222
100 1 _aHemingway, Ernest,
_d1899-1961
_99091
245 1 3 _aEl viejo y el mar /
_cErnest Hemingway ; edición Isael Pérez.
260 _aSanto Domingo :
_bSantuario,
_c2008.
300 _a100 p. ;
_c21 cm.
500 _aIncluye notas al pie de las páginas
590 _aInventariado, 2023/BT
700 1 _aPérez, Isael,
_d1961-
_eed.
_91414
942 _2ddc
_cLBS1
999 _c37105
_d37105